[Event "25. Offene Herner Stadtmeisterschaft 2024"]
[Site "Herne-Sodingen"]
[Date "2024.03.04"]
[Round "5.6"]
[White "Klüting, Reiner"]
[Black "Hammerich, Simon"]
[Result "1/2-1/2"]
[WhiteElo "1861"]
[BlackElo "2052"]
[PlyCount "37"]
[EventDate "2024.??.??"]
[WhiteTeam "SV Wattenscheid 1930 e"]
[BlackTeam "SC Buer-Hassel 1919 e. V."]

1. e4 e6 2. d4 d5 3. Nc3 Nf6 4. Bg5 dxe4 5. Nxe4 Be7 6. Bxf6 Bxf6 7. Nxf6+ Qxf6 8. Nf3 O-O 9. Bd3 c5 10. c3 cxd4 11. Nxd4 e5 12. Nb3 Bf5 13. Bxf5 Qxf5 14. O-O Nc6 15. Qe2 Rad8 16. Rad1 g6 17. h3 Qg5 18. Qb5 Qe7 19. Na5 1/2-1/2

[Event "25. Offene Herner Stadtmeisterschaft 2024"]
[Site "Herne-Sodingen"]
[Date "2024.03.04"]
[Round "5.7"]
[White "Bautz, Volker"]
[Black "Waldschmidt, Georg"]
[Result "0-1"]
[WhiteElo "1784"]
[BlackElo "2090"]
[PlyCount "60"]
[EventDate "2024.??.??"]
[WhiteTeam "Bochumer SV 02"]
[BlackTeam "SK Sodingen/Castrop 24/23 e. V."]

1. e4 e5 2. Nf3 Nc6 3. Nc3 Nf6 4. d4 exd4 5. Nd5 Nb4 6. Bg5 Nbxd5 7. exd5 Bb4+ 8. Nd2 O-O 9. Be2 Be7 10. Bxf6 Bxf6 11. O-O d6 12. Nb3 c5 13. dxc6 bxc6 14. Nxd4 Qb6 15. c3 d5 16. Qd2 c5 17. Nb3 Be6 18. Bf3 Rfd8 19. Rad1 Rab8 20. Qf4 a5 21. h3 a4 22. Nd2 a3 23. bxa3 Bxc3 24. Nb1 Bf6 25. Nd2 c4 26. Rb1 Qa7 27. Rb4 Rxb4 28. axb4 Qxa2 29. Rd1 h6 30. Qc7 Rc8 0-1

[Event "25. Offene Herner Stadtmeisterschaft 2024"]
[Site "Herne-Sodingen"]
[Date "2024.03.04"]
[Round "5.8"]
[White "Reinholz, Benjamin"]
[Black "Hielscher, Klaus-Peter"]
[Result "1/2-1/2"]
[WhiteElo "1981"]
[BlackElo "1780"]
[PlyCount "74"]
[EventDate "2024.??.??"]
[WhiteTeam "SK Sodingen/Castrop 24/23 e. V."]
[BlackTeam "SV Wattenscheid 1930 e"]

1. e4 c5 2. Nc3 Nc6 3. g3 g6 4. Bg2 Bg7 5. d3 d6 6. Be3 e6 7. Qd2 Rb8 8. Nge2 Nd4 9. O-O Ne7 10. Rae1 O-O 11. Nd1 e5 12. c3 Nxe2+ 13. Rxe2 Bg4 14. f3 Be6 15. b3 b5 16. d4 exd4 17. cxd4 Qc7 18. d5 Bd7 19. Bh6 Bd4+ 20. Kh1 Rfe8 21. Ne3 f5 22. f4 fxe4 23. Bxe4 Nf5 24. Bxf5 Bxf5 25. Nxf5 gxf5 26. Rfe1 Qf7 27. Re6 Rxe6 28. Rxe6 Re8 29. Qe2 Rxe6 30. dxe6 Qb7+ 31. Qg2 Qxg2+ 32. Kxg2 c4 33. bxc4 bxc4 34. Kf3 Bf6 35. h3 d5 36. Ke2 d4 37. g4 Be7 1/2-1/2

[Event "25. Offene Herner Stadtmeisterschaft 2024"]
[Site "Herne-Sodingen"]
[Date "2024.03.04"]
[Round "5.9"]
[White "Schicktanz, Florian"]
[Black "Cobanoglu, Ferhat"]
[Result "0-1"]
[WhiteElo "1725"]
[BlackElo "1951"]
[PlyCount "70"]
[EventDate "2024.??.??"]
[WhiteTeam "SV Erkenschwick 1923 e"]
[BlackTeam "SK Sodingen/Castrop 24/23 e. V."]

1. c4 Nf6 2. Nf3 e6 3. Nc3 Be7 4. d4 d5 5. cxd5 exd5 6. Bg5 h6 7. Bh4 c6 8. e3 Ne4 9. Bxe7 Qxe7 10. Bd3 Nd7 11. Qc2 f5 12. a3 g5 13. Nd2 Ndf6 14. Bxe4 fxe4 15. Nb3 Bg4 16. O-O O-O 17. Kh1 Bh5 18. Ne2 Rf7 19. Ng3 Bg6 20. f4 Ng4 21. Qe2 Nxh2 22. Kxh2 gxf4 23. Nh1 Qh4+ 24. Kg1 f3 25. Qf2 Qg5 26. g3 Bf5 27. Rfe1 Rg7 28. Nd2 h5 29. Nf1 h4 30. Rac1 Bh3 31. Kh2 Bxf1 32. Rxf1 hxg3+ 33. Qxg3 Qh6+ 34. Kg1 Rxg3+ 35. Nxg3 Qh3 0-1

[Event "25. Offene Herner Stadtmeisterschaft 2024"]
[Site "Herne-Sodingen"]
[Date "2024.03.04"]
[Round "5.10"]
[White "Winterkamp, Sascha"]
[Black "Müller-Kreth, Kai"]
[Result "1-0"]
[WhiteElo "1925"]
[BlackElo "1754"]
[PlyCount "92"]
[EventDate "2024.??.??"]
[WhiteTeam "SK Sodingen/Castrop 24/23 e. V."]
[BlackTeam "SK Sodingen/Castrop 24/23 e. V."]

1. d4 Nf6 2. Nf3 d5 3. c4 c6 4. Nc3 g6 5. cxd5 cxd5 6. Qb3 Bg7 7. Bg5 e6 8. h4 h5 9. e3 O-O 10. Bd3 Nbd7 11. Qc2 a6 12. Ne5 Qc7 13. Bxf6 Nxf6 14. Qe2 Ne4 15. Bxe4 dxe4 16. g4 Bxe5 17. dxe5 Qxe5 18. gxh5 Bd7 19. hxg6 fxg6 20. Rg1 Rf6 21. Rg5 Rf5 22. Rxg6+ Kf7 23. Rg4 Bc6 24. O-O-O Rc8 25. Kb1 Rc7 26. Rdg1 Qf6 27. Rg5 Rd7 28. Qh5+ Ke7 29. Rxf5 Qxf5 30. Rg7+ Kd8 31. Rxd7+ Kxd7 32. Qxf5 exf5 33. Ne2 Ke6 34. Nf4+ Kf6 35. Kc2 Be8 36. Kc3 Bf7 37. a3 Ke5 38. Kb4 b6 39. a4 Kd6 40. a5 b5 41. h5 Bg8 42. h6 Ke5 43. Kc5 Kf6 44. Kb6 Kg5 45. Kxa6 Kxh6 46. Kxb5 Kg5 1-0

[Event "25. Offene Herner Stadtmeisterschaft 2024"]
[Site "Herne-Sodingen"]
[Date "2024.03.04"]
[Round "5.11"]
[White "Boxberg, Olaf"]
[Black "Wiechen, Ulrich"]
[Result "1/2-1/2"]
[WhiteElo "1746"]
[BlackElo "1923"]
[PlyCount "41"]
[EventDate "2024.??.??"]
[WhiteTeam "SV Datteln 1924"]
[BlackTeam "SC Buer-Hassel 1919 e. V."]

1. d4 d5 2. Nf3 Nf6 3. e3 Bf5 4. c4 e6 5. Qb3 b6 6. cxd5 exd5 7. Nc3 c6 8. Ne5 Bd6 9. Bd3 Bxd3 10. Nxd3 Nbd7 11. O-O h5 12. h3 g5 13. e4 dxe4 14. Re1 Qc7 15. Nxe4 O-O-O 16. Nxd6+ Qxd6 17. Ne5 Rde8 18. Bxg5 Nxe5 19. dxe5 Rxe5 20. Red1 Qe6 21. Qxe6+ 1/2-1/2

[Event "25. Offene Herner Stadtmeisterschaft 2024"]
[Site "Herne-Sodingen"]
[Date "2024.03.04"]
[Round "5.13"]
[White "Kramer, Martin"]
[Black "Winzbeck, Frank"]
[Result "1/2-1/2"]
[WhiteElo "1623"]
[BlackElo "1850"]
[PlyCount "104"]
[EventDate "2024.??.??"]
[WhiteTeam "Dortmunder SV 1875"]
[BlackTeam "SC Buer-Hassel 1919 e. V."]

1. c4 c5 2. Nf3 Nc6 3. Nc3 d6 4. d4 cxd4 5. Nxd4 g6 6. e4 Bg7 7. Be3 Nf6 8. Be2 O-O 9. O-O Bd7 10. h3 Rc8 11. Nf3 a6 12. Rc1 h6 13. Qd2 Kh7 14. Rfd1 Be6 15. b3 Qa5 16. Ne1 Nd7 17. f4 f5 18. exf5 Bxf5 19. Nd5 Qxd2 20. Rxd2 Nf6 21. Nxf6+ Bxf6 22. Nf3 Be4 23. g3 h5 24. Nd4 Nxd4 25. Bxd4 e5 26. Be3 d5 27. Bd3 Bxd3 28. Rxd3 d4 29. fxe5 Bxe5 30. Bf2 b5 31. Re1 bxc4 32. bxc4 Rfe8 33. Rc1 Rc7 34. Ra3 Rc6 35. Ra5 Bg7 36. Rd5 Rec8 37. c5 Kg8 38. Bxd4 Bxd4+ 39. Rxd4 Rxc5 40. Rxc5 Rxc5 41. Rd2 Kf7 42. Kf2 a5 43. Kf3 Ke6 44. Ke4 g5 45. Rb2 Rc4+ 46. Kd3 Ra4 47. Rb6+ Kf5 48. Rb5+ Kf6 49. Rb6+ Ke7 50. Rb2 Ra3+ 51. Rb3 Rxa2 52. Ke4 Kf6 1/2-1/2

[Event "25. Offene Herner Stadtmeisterschaft 2024"]
[Site "Herne-Sodingen"]
[Date "2024.03.04"]
[Round "5.14"]
[White "Dlouhy, Peter"]
[Black "Gritzan, Ulrich"]
[Result "1/2-1/2"]
[WhiteElo "1729"]
[BlackElo "1838"]
[PlyCount "113"]
[EventDate "2024.??.??"]
[WhiteTeam "SV Unser Fritz Wanne-E"]
[BlackTeam "SC Buer-Hassel 1919 e. V."]

1. d4 d5 2. Bf4 e6 3. e3 Bd6 4. Bg3 Nf6 5. Nd2 O-O 6. Bd3 c5 7. c3 Nc6 8. Ngf3 b6 9. Ne5 Bb7 10. f4 Qc7 11. Bh4 Be7 12. Bxf6 Bxf6 13. O-O g6 14. Qg4 Bg7 15. Rf3 f5 16. Qh3 Nxe5 17. fxe5 Qe7 18. Raf1 Qg5 19. Rg3 Qh6 20. Rf2 Qxh3 21. Rxh3 Bc6 22. Nf3 h6 23. Rg3 g5 24. h3 Rf7 25. Nh2 Raf8 26. Rgf3 h5 27. g4 hxg4 28. hxg4 Bd7 29. Kg2 Bh6 30. Rh3 Kg7 31. Rhf3 f4 32. exf4 gxf4 33. Rh3 Bg5 34. Nf3 Be7 35. Kg1 Rh8 36. Rfh2 Rxh3 37. Rxh3 Kg8 38. Rh6 Rg7 39. Rg6 Kf7 40. Rxg7+ Kxg7 41. Kg2 Kh6 42. Ng1 cxd4 43. cxd4 Bb4 44. Nf3 Be7 45. a3 a5 46. Ng1 b5 47. Kf3 b4 48. axb4 Bxb4 49. Nh3 Bd2 50. g5+ Kh5 51. g6 Kh6 52. Ng1 Be8 53. Ne2 Bxg6 54. Bxg6 Kxg6 55. Nxf4+ Kf5 56. Nh5 Kg6 57. Nf4+ 1/2-1/2

[Event "25. Offene Herner Stadtmeisterschaft 2024"]
[Site "Herne-Sodingen"]
[Date "2024.03.04"]
[Round "5.15"]
[White "Schmidt, Ralph"]
[Black "Klein, Andreas"]
[Result "1-0"]
[WhiteElo "1825"]
[BlackElo "1735"]
[PlyCount "65"]
[EventDate "2024.??.??"]
[WhiteTeam "SV Bochum-Linden-Dahlh"]
[BlackTeam "SC Buer-Hassel 1919 e. V."]

1. e4 c5 2. Nc3 e6 3. Nf3 Nc6 4. d3 Nf6 5. Be2 d6 6. h3 Be7 7. Be3 a6 8. O-O Qc7 9. a4 b6 10. Qd2 Bb7 11. Rad1 Rd8 12. Qc1 d5 13. exd5 Nxd5 14. Nxd5 Rxd5 15. d4 cxd4 16. Nxd4 Nxd4 17. Rxd4 Rxd4 18. Bxd4 e5 19. Bc3 O-O 20. Qe3 Bf6 21. Bd3 Qc6 22. f3 Qc7 23. Bb4 Re8 24. Rd1 Rd8 25. Re1 Bc6 26. Bc3 Bxa4 27. Bxe5 Bxe5 28. Qxe5 Qc8 29. Qe4 Rxd3 30. Qxd3 g6 31. b3 Bb5 32. c4 Bd7 33. Rd1 1-0

[Event "25. Offene Herner Stadtmeisterschaft 2024"]
[Site "Herne-Sodingen"]
[Date "2024.03.04"]
[Round "5.17"]
[White "Meier, Jan"]
[Black "Ptaszyk, Henning"]
[Result "1/2-1/2"]
[WhiteElo "1781"]
[BlackElo "1652"]
[PlyCount "89"]
[EventDate "2024.??.??"]
[WhiteTeam "SV Waltrop 1922 e. V."]
[BlackTeam "SK Sodingen/Castrop 24/23 e. V."]

1. d4 Nf6 2. Bg5 e6 3. e4 h6 4. Bxf6 Qxf6 5. Nf3 d6 6. e5 Qd8 7. Bd3 Nc6 8. Nbd2 Nb4 9. Bb5+ Bd7 10. Bxd7+ Qxd7 11. a3 Na6 12. Qe2 c5 13. O-O cxd4 14. Nb3 Nc7 15. Nbxd4 Be7 16. exd6 Qxd6 17. Rfd1 Qb6 18. Ne5 Rd8 19. Nb3 Nd5 20. Qf3 O-O 21. c4 Nf6 22. Rac1 Rxd1+ 23. Rxd1 Rd8 24. h3 Rxd1+ 25. Qxd1 Qc7 26. Qe2 Qb6 27. Nc1 Qd4 28. Nf3 Qe4 29. Qd3 Qxd3 30. Nxd3 Ne4 31. Kf1 a5 32. Ke2 f6 33. Nd4 Kf7 34. f3 Nc5 35. Nxc5 Bxc5 36. Kd3 Ke7 37. Nb3 b6 38. Nxc5 bxc5 39. b4 axb4 40. axb4 cxb4 41. c5 Kd7 42. Kc4 Kc6 43. Kxb4 e5 44. Kc4 g6 45. g3 1/2-1/2

[Event "25. Offene Herner Stadtmeisterschaft 2024"]
[Site "Herne-Sodingen"]
[Date "2024.03.04"]
[Round "5.19"]
[White "Schneider, Timo"]
[Black "Boost, Jürgen"]
[Result "1/2-1/2"]
[WhiteElo "1585"]
[BlackElo "1797"]
[PlyCount "22"]
[EventDate "2024.??.??"]
[WhiteTeam "SV Datteln 1924"]
[BlackTeam "SC Gerthe 46 - Werne"]

1. c4 e5 2. Nc3 Nf6 3. e3 Nc6 4. g3 d5 5. cxd5 Nxd5 6. Bg2 Nb6 7. Qc2 Be7 8. a3 O-O 9. Nge2 Bg4 10. O-O Qd7 11. Rd1 Rad8 1/2-1/2

[Event "25. Offene Herner Stadtmeisterschaft 2024"]
[Site "Herne-Sodingen"]
[Date "2024.03.04"]
[Round "5.20"]
[White "Ponto, Michael"]
[Black "Gregoritsch, Dirk"]
[Result "1/2-1/2"]
[WhiteElo "1616"]
[BlackElo "1766"]
[PlyCount "30"]
[EventDate "2024.??.??"]
[WhiteTeam "SV Zeppelin Herne e. V."]
[BlackTeam "SV Unser Fritz Wanne-E"]

1. e4 c5 2. Nf3 e6 3. d4 cxd4 4. Nxd4 a6 5. Bd3 Nf6 6. O-O Nc6 7. c3 Qc7 8. Be3 Be7 9. Nd2 d6 10. Rc1 O-O 11. f4 e5 12. fxe5 dxe5 13. Nf5 Bxf5 14. Rxf5 Rad8 15. Bc2 Rd7 1/2-1/2

[Event "25. Offene Herner Stadtmeisterschaft 2024"]
[Site "Herne-Sodingen"]
[Date "2024.03.04"]
[Round "5.21"]
[White "Löffelbein, Klaus"]
[Black "Steinke, Hans-Jörg"]
[Result "1-0"]
[WhiteElo "1758"]
[BlackElo "1573"]
[PlyCount "151"]
[EventDate "2024.??.??"]
[WhiteTeam "SC Gerthe 46 - Werne"]
[BlackTeam "SV Erkenschwick 1923 e"]

1. d4 d5 2. c4 e6 3. Nc3 Nf6 4. Nf3 Nbd7 5. Bf4 c6 6. e3 Be7 7. Bd3 O-O 8. O-O dxc4 9. Bxc4 b5 10. Bd3 a6 11. Rc1 Bb7 12. Qe2 c5 13. dxc5 Nxc5 14. Bb1 Qb6 15. a3 Rfd8 16. b4 Nce4 17. Nxe4 Bxe4 18. Bxe4 Nxe4 19. Bc7 Qb7 20. Bxd8 Rxd8 21. Rfd1 Re8 22. Ne5 Nf6 23. Nc6 Bf8 24. Rc2 Nd5 25. Rdc1 Nb6 26. Ne5 Qe4 27. f4 f6 28. Qf3 Qxf3 29. Nxf3 Nc4 30. Rc3 Rd8 31. Kf2 Rd7 32. Nd4 Kf7 33. Ke2 Be7 34. Rd1 Bd8 35. Nc6 Rxd1 36. Kxd1 Bb6 37. Ke2 e5 38. fxe5 fxe5 39. e4 Ke6 40. Rd3 h6 41. h4 Nd6 42. Kf3 Nc4 43. Nd8+ Ke7 44. Nb7 g6 45. Nc5 a5 46. Rd7+ Ke8 47. Rg7 Nxa3 48. Rxg6 Bc7 49. bxa5 Bxa5 50. Rxh6 Nc4 51. Nb7 Bd2 52. Rh7 b4 53. Nc5 Na5 54. Ra7 b3 55. Rxa5 Bxa5 56. Nxb3 Be1 57. h5 Kf7 58. Nc5 Bd2 59. Nd3 Kf6 60. Nf2 Kg5 61. Ng4 Bc3 62. h6 Kg6 63. Kg3 Be1+ 64. Kh3 Bc3 65. Kh4 Bd2 66. Kg3 Bf4+ 67. Kf3 Bc1 68. Nxe5+ Kxh6 69. Kg4 Bb2 70. Kf5 Kg7 71. g4 Bc3 72. g5 Bb2 73. Nc4 Bd4 74. e5 Bc5 75. e6 Bd4 76. Ne5 1-0

[Event "25. Offene Herner Stadtmeisterschaft 2024"]
[Site "Herne-Sodingen"]
[Date "2024.03.04"]
[Round "5.22"]
[White "Hielscher, Fabian"]
[Black "Lojack, Rouven"]
[Result "1-0"]
[WhiteElo "1736"]
[BlackElo "1531"]
[PlyCount "53"]
[EventDate "2024.??.??"]
[WhiteTeam "SV Wattenscheid 1930 e"]
[BlackTeam "SV Königsspringer Halt"]

1. a3 g6 2. d4 Bg7 3. e4 e5 4. dxe5 Bxe5 5. f4 Bg7 6. Nf3 d6 7. Bd3 Nc6 8. O-O Bd7 9. Nc3 Nd4 10. h3 Nxf3+ 11. Qxf3 Bc6 12. f5 Qd7 13. Nd5 f6 14. b4 O-O-O 15. c4 gxf5 16. exf5 Nh6 17. Be4 Nf7 18. b5 Ne5 19. Qf2 Kb8 20. bxc6 Qxc6 21. Be3 b6 22. Rfc1 Nxc4 23. Nxb6 Qxe4 24. Nxc4 c5 25. Nxd6 Rxd6 26. Bf4 Bf8 27. Qxc5 1-0

[Event "25. Offene Herner Stadtmeisterschaft 2024"]
[Site "Herne-Sodingen"]
[Date "2024.03.04"]
[Round "5.23"]
[White "Landwehr, Ingo"]
[Black "Sikorski, Thomas"]
[Result "0-1"]
[WhiteElo "1504"]
[BlackElo "1728"]
[PlyCount "84"]
[EventDate "2024.??.??"]
[WhiteTeam "Bochumer SV 02"]
[BlackTeam "SK Sodingen/Castrop 24/23 e. V."]

1. c4 c6 2. g3 d6 3. Bg2 e5 4. Nc3 Nf6 5. d3 Be7 6. e4 O-O 7. Nge2 Re8 8. O-O Nbd7 9. a4 Nf8 10. h3 Ng6 11. f4 exf4 12. Nxf4 Ne5 13. b3 Qc7 14. Be3 Bd7 15. d4 Ng6 16. Rc1 Qa5 17. Nxg6 hxg6 18. Bd2 Qb6 19. Be3 Qa5 20. Kh2 Qh5 21. Qxh5 gxh5 22. Rcd1 Bf8 23. Bf4 Nh7 24. h4 Bg4 25. Bf3 Nf6 26. e5 Bxf3 27. Rxf3 Ng4+ 28. Kg2 dxe5 29. dxe5 Nxe5 30. Bxe5 Rxe5 31. Rd7 Re7 32. Rfd3 Rae8 33. b4 Rxd7 34. Rxd7 Bxb4 35. Nd1 Re7 36. Rxe7 Bxe7 37. Ne3 g6 38. Kf3 Kg7 39. Ng2 Kf6 40. Nf4 Ke5 41. Ke3 Bc5+ 42. Kd3 Bf2 0-1

[Event "25. Offene Herner Stadtmeisterschaft 2024"]
[Site "Herne-Sodingen"]
[Date "2024.03.04"]
[Round "5.24"]
[White "Wiese, Thomas"]
[Black "Mohammad, Othman"]
[Result "1-0"]
[WhiteElo "1699"]
[BlackElo "1200"]
[PlyCount "55"]
[EventDate "2024.??.??"]
[WhiteTeam "SV Kamen 1930"]
[BlackTeam "SG Wanne"]

1. e4 e5 2. Nf3 Nc6 3. Bb5 Bc5 4. O-O Nf6 5. d3 d6 6. c3 O-O 7. Bg5 Qd7 8. d4 exd4 9. cxd4 Bb6 10. Bxf6 gxf6 11. d5 Qg4 12. dxc6 Qxe4 13. Nc3 Qg6 14. Nd5 Kh8 15. Ne7 Qh5 16. Qd5 Qg4 17. cxb7 Bxb7 18. Qxb7 a6 19. Bd3 Rae8 20. Rfe1 a5 21. Re4 Qd7 22. Rae1 f5 23. R4e2 Rb8 24. Qd5 f6 25. Bxf5 Qa4 26. Bxh7 Kxh7 27. Qh5+ Kg7 28. Qg6+ 1-0

[Event "25. Offene Herner Stadtmeisterschaft 2024"]
[Site "Herne-Sodingen"]
[Date "2024.03.04"]
[Round "5.25"]
[White "Koch, Burkhard"]
[Black "Funke, Eckhard"]
[Result "0-1"]
[WhiteElo "1613"]
[BlackElo "1806"]
[PlyCount "56"]
[EventDate "2024.??.??"]
[WhiteTeam "SG Wanne"]
[BlackTeam "SV Günnigfeld 1922 e."]

1. e4 d5 2. exd5 Qxd5 3. Nc3 Qd6 4. d4 Nf6 5. Nf3 c6 6. Be2 Bf5 7. Be3 h6 8. Qd2 e6 9. Bf4 Qb4 10. O-O Be7 11. Bd3 Bxd3 12. Qxd3 Nbd7 13. a3 Qa5 14. b4 Qh5 15. Ne2 O-O 16. Ng3 Qg4 17. Bd2 Bd6 18. h3 Qg6 19. Qxg6 fxg6 20. Ne2 Ne4 21. c4 Rxf3 22. gxf3 Nxd2 23. Rfd1 Nxc4 24. Rd3 b5 25. Ng3 Bxg3 26. fxg3 Nf6 27. Re1 Kf7 28. Kf2 a5 0-1

[Event "25. Offene Herner Stadtmeisterschaft 2024"]
[Site "Herne-Sodingen"]
[Date "2024.03.04"]
[Round "5.26"]
[White "Gausmann, Thomas"]
[Black "Nouman, Abdulrrahman"]
[Result "1-0"]
[WhiteElo "1772"]
[BlackElo "1200"]
[PlyCount "131"]
[EventDate "2024.??.??"]
[WhiteTeam "SG Bochum 1931"]
[BlackTeam "SG Wanne"]

1. e4 c5 2. c3 d6 3. d4 Nc6 4. d5 Ne5 5. f4 Ng6 6. Nf3 e6 7. c4 exd5 8. cxd5 Qc7 9. Nc3 Nf6 10. Bb5+ Bd7 11. O-O a6 12. Bxd7+ Nxd7 13. Re1 Be7 14. Qe2 f6 15. a4 O-O 16. a5 Rfe8 17. Qc4 Rac8 18. e5 b5 19. axb6 Nxb6 20. Qa2 Kh8 21. e6 Ra8 22. Be3 Qb7 23. Rad1 f5 24. Ng5 Bxg5 25. fxg5 Re7 26. Ne2 c4 27. Bxb6 Qxb6+ 28. Kh1 Ne5 29. Nf4 Ng4 30. Nh3 g6 31. Qxc4 Rc7 32. Qd4+ Qxd4 33. Rxd4 Kg7 34. Nf4 Nf2+ 35. Kg1 Ne4 36. h4 Rac8 37. Nd3 a5 38. Ra1 Ra7 39. Rda4 Nc5 40. Rc4 Rac7 41. Rac1 Na6 42. Rxc7+ Rxc7 43. Rxc7+ Nxc7 44. Nf4 Kf8 45. Kf2 Ke7 46. Ke3 Nb5 47. Kd3 a4 48. Kc4 a3 49. bxa3 Nxa3+ 50. Kb4 Nb1 51. Kb5 Nc3+ 52. Kc6 Ne4 53. Kc7 Ng3 54. Nd3 Ne2 55. Nb4 Nf4 56. g3 Nxd5+ 57. Nxd5+ Kxe6 58. Nf4+ Ke5 59. Kc6 Ke4 60. Kxd6 Kf3 61. Nxg6 Kxg3 62. Ke5 Kg4 63. Nf4 Kxh4 64. Kxf5 Kg3 65. Ne6 Kh4 66. Nf8 1-0

[Event "25. Offene Herner Stadtmeisterschaft 2024"]
[Site "Herne-Sodingen"]
[Date "2024.03.04"]
[Round "5.27"]
[White "von Blumenthal, Nikolaus"]
[Black "Mayeres, Hans-Christian"]
[Result "0-1"]
[WhiteElo "1498"]
[BlackElo "1708"]
[PlyCount "106"]
[EventDate "2024.??.??"]
[WhiteTeam "SV Zeppelin Herne e.V."]
[BlackTeam "SC Recklinghausen Altsta"]

1. e4 g6 2. c3 d5 3. exd5 Qxd5 4. Nf3 Bg7 5. Be2 c5 6. O-O Nc6 7. Qb3 Be6 8. c4 Qd7 9. d3 Nf6 10. Bd2 O-O 11. Nc3 a6 12. Na4 Qd6 13. Nb6 Rad8 14. Rab1 Nd7 15. Be3 Nb4 16. Nxd7 Rxd7 17. Rfd1 b5 18. a3 Nc6 19. Qc2 Nd4 20. Bxd4 Bxd4 21. b3 Rfd8 22. Nxd4 Qxd4 23. Rd2 bxc4 24. bxc4 Bxc4 25. Rc1 Bb5 26. Qxc5 Qxc5 27. Rxc5 Bxd3 28. Bxd3 Rxd3 29. Rxd3 Rxd3 30. Kf1 Rxa3 31. Ke2 a5 32. Rc2 Kg7 33. Kd2 Ra1 34. Kc3 h5 35. Kb2 Ra4 36. Kb3 Rb4+ 37. Kc3 Rb7 38. Ra2 Ra7 39. Kd3 a4 40. Ra3 f5 41. f4 Kf6 42. h4 e5 43. Ke3 Ke6 44. fxe5 Kxe5 45. g3 Ra6 46. Kf3 Kd4 47. Kf4 Kc4 48. Kg5 Kb4 49. Ra1 a3 50. Rf1 a2 51. Rf4+ Kc3 52. Rf3+ Kd4 53. Rf1 a1=Q 0-1

[Event "25. Offene Herner Stadtmeisterschaft 2024"]
[Site "Herne-Sodingen"]
[Date "2024.03.04"]
[Round "5.28"]
[White "Kasprowski, Henryk"]
[Black "Pohl, Martin"]
[Result "1/2-1/2"]
[WhiteElo "1644"]
[BlackElo "1632"]
[Annotator "georg"]
[PlyCount "57"]
[EventDate "2024.??.??"]
[WhiteTeam "SV Wattenscheid 1930 e"]
[BlackTeam "SV Unser Fritz Wanne-E"]

{[%evp 0,18,29,24,26,6,6,6,25,-13,0,9,11,10,11,-13,-13,0,-14,-16,15]} 1. d4 d5 2. c4 e6 3. Nf3 Nf6 4. g3 Be7 5. Bg2 O-O 6. O-O dxc4 7. Qc2 a6 8. a4 Bd7 9. Ne5 Nd5 10. e4 Nf6 11. Rd1 Nc6 12. Nc3 Qc8 13. Nxc4 Nb4 14. Qe2 Rd8 15. Ne5 Be8 16. Be3 Nd7 17. f4 Nf8 18. d5 f6 19. Nc4 Bf7 20. Rac1 b6 21. dxe6 Nxe6 22. Nd5 Nxd5 23. exd5 Nc5 24. d6 Bxd6 25. Bxa8 Qxa8 26. Nxd6 cxd6 27. a5 Re8 28. Re1 Nb3 29. Rcd1 1/2-1/2

[Event "25. Offene Herner Stadtmeisterschaft 2024"]
[Site "Herne-Sodingen"]
[Date "2024.03.04"]
[Round "5.29"]
[White "Baumeister, Sven"]
[Black "Tolksdorf, Jürgen"]
[Result "0-1"]
[WhiteElo "1544"]
[BlackElo "1641"]
[PlyCount "76"]
[EventDate "2024.??.??"]
[WhiteTeam "SV Datteln 1924"]
[BlackTeam "SV Günnigfeld 1922 e."]

1. e4 b6 2. d4 e6 3. c4 Bb7 4. Nc3 Bb4 5. Qc2 Nf6 6. Bd3 Nc6 7. Nf3 h6 8. e5 Ng8 9. a3 Bxc3+ 10. Qxc3 Nge7 11. Qc2 d6 12. exd6 Qxd6 13. c5 Qd8 14. Be3 Nd5 15. cxb6 cxb6 16. Bb5 Rc8 17. Ne5 Qd6 18. Rc1 Nde7 19. Qa4 O-O 20. O-O Nxe5 21. dxe5 Qxe5 22. Bd4 Qd5 23. f3 Nf5 24. Bf2 Rxc1 25. Rxc1 Qd2 26. Rd1 Qxb2 27. Be8 a6 28. Qd7 Qc2 29. Bxb6 Bc6 30. Qxc6 Qxd1+ 31. Kf2 Qd2+ 32. Kf1 Ne3+ 33. Bxe3 Qxe3 34. a4 Qa7 35. Bd7 Rd8 36. Bc8 Rd1+ 37. Ke2 Qd4 38. Qc2 Rg1 0-1

[Event "25. Offene Herner Stadtmeisterschaft 2024"]
[Site "Herne-Sodingen"]
[Date "2024.03.04"]
[Round "5.30"]
[White "Bunzel, Robert"]
[Black "Domnik, Roland"]
[Result "1-0"]
[WhiteElo "1200"]
[BlackElo "1640"]
[PlyCount "55"]
[EventDate "2024.??.??"]
[WhiteTeam "SV Wattenscheid 1930 e"]
[BlackTeam "vereinslos"]

1. c4 c5 2. Nc3 Nc6 3. g3 d6 4. Bg2 h6 5. e3 Nf6 6. d4 cxd4 7. exd4 e6 8. Nf3 Be7 9. O-O O-O 10. d5 Ne5 11. Nxe5 dxe5 12. Re1 exd5 13. cxd5 Bd6 14. Nb5 a6 15. Nxd6 Qxd6 16. b3 Rd8 17. Bb2 Nd7 18. a4 Re8 19. Ba3 Qg6 20. Be4 f5 21. Bf3 Nf6 22. d6 e4 23. Be2 Bd7 24. Bb2 b5 25. Bxf6 Qxf6 26. axb5 axb5 27. Rxa8 Rxa8 28. Qd5+ 1-0

[Event "25. Offene Herner Stadtmeisterschaft 2024"]
[Site "Herne-Sodingen"]
[Date "2024.03.04"]
[Round "5.31"]
[White "Jähnicke, Karl-Heinz"]
[Black "Dimitriadis, Elias"]
[Result "1-0"]
[WhiteElo "1613"]
[BlackElo "1265"]
[PlyCount "99"]
[EventDate "2024.??.??"]
[WhiteTeam "SC Scharnhorst 2002"]
[BlackTeam "SV Waltrop 1922 e. V."]

1. d4 d5 2. c4 c6 3. Nc3 Nf6 4. e3 e6 5. Nf3 Bd6 6. Bd3 O-O 7. Qc2 Re8 8. Ne5 Bxe5 9. dxe5 dxc4 10. Bxc4 Nd5 11. Ne4 Nd7 12. f4 f6 13. exf6 N7xf6 14. Nxf6+ Qxf6 15. O-O Kh8 16. Bd2 Bd7 17. Rf3 e5 18. Bxd5 cxd5 19. Bc3 Rac8 20. Qf2 Qg6 21. fxe5 Be6 22. Rf1 Qd3 23. Qg3 a5 24. Bxa5 Qa6 25. Bc3 Qxa2 26. h4 Qc4 27. Rf4 Qe2 28. Bd4 Qh5 29. Qh2 Bd7 30. Rf7 Bb5 31. Qg3 Qg6 32. Qxg6 hxg6 33. R1f4 Re6 34. Rxb7 Be8 35. b4 Kh7 36. b5 Rc1+ 37. Kh2 Rb1 38. b6 Kh6 39. Rf8 g5 40. Rb8 Bc6 41. Rh8+ Kg6 42. Rbf8 gxh4 43. Rxh4 Kg5 44. Kg3 Rg1 45. Rg4+ Kh5 46. Rxg7 Rg6+ 47. Rxg6 Kxg6 48. e6 Rd1 49. e7 Rxd4 50. exd4 1-0

[Event "25. Offene Herner Stadtmeisterschaft 2024"]
[Site "Herne-Sodingen"]
[Date "2024.03.04"]
[Round "5.32"]
[White "Krolik, Wilfried"]
[Black "Griese, Andreas"]
[Result "1-0"]
[WhiteElo "1510"]
[BlackElo "1259"]
[PlyCount "41"]
[EventDate "2024.??.??"]
[WhiteTeam "SV Waltrop 1922 e. V."]
[BlackTeam "SC Scharnhorst 2002"]

1. e4 c5 2. Nf3 d6 3. d4 cxd4 4. Nxd4 Nf6 5. Nc3 g6 6. Be2 Bg7 7. Be3 O-O 8. Qd2 a6 9. h3 b5 10. a3 Bb7 11. f3 Nbd7 12. Bh6 Nh5 13. Bxg7 Nxg7 14. O-O-O Ne5 15. g4 Rc8 16. h4 Nc4 17. Bxc4 Rxc4 18. h5 Ne6 19. Nxe6 fxe6 20. hxg6 h5 21. Qh6 1-0

[Event "25. Offene Herner Stadtmeisterschaft 2024"]
[Site "Herne-Sodingen"]
[Date "2024.03.04"]
[Round "5.33"]
[White "Neumann, Frank"]
[Black "Malessa, Uwe"]
[Result "1-0"]
[WhiteElo "1398"]
[BlackElo "1039"]
[PlyCount "103"]
[EventDate "2024.??.??"]
[WhiteTeam "SV Waltrop 1922 e. V."]
[BlackTeam "SV Erkenschwick 1923 e"]

1. e4 e5 2. Nf3 Nc6 3. Bb5 Nf6 4. Nc3 Bc5 5. h3 d5 6. Bxc6+ bxc6 7. exd5 cxd5 8. d3 d4 9. Ne4 Qe7 10. Bg5 Bf5 11. Nxc5 Qxc5 12. Bxf6 gxf6 13. Nd2 Rb8 14. Nb3 Qd5 15. f3 Rg8 16. g4 Bg6 17. Qd2 Qxf3 18. Rf1 Qg3+ 19. Qf2 Qxf2+ 20. Rxf2 Ke7 21. O-O-O h5 22. Rdf1 Rb6 23. gxh5 Bxh5 24. h4 Rg4 25. Rh2 Rc6 26. Re1 Ke6 27. Nd2 f5 28. Nf3 f6 29. Kd2 Rd6 30. Kc1 Rf4 31. Nd2 c5 32. Nc4 Rd5 33. Rg1 Rg4 34. Rf1 f4 35. Nd2 f5 36. Nf3 Rg3 37. Ng5+ Kf6 38. Nh7+ Kg7 39. Ng5 c4 40. Kd2 Rc5 41. Ne6+ Kf6 42. Nxc5 f3 43. Rff2 cxd3 44. cxd3 f4 45. Kc2 Kf5 46. Kd2 Kg4 47. Ne4 Rh3 48. Rxh3 Kxh3 49. Nf6 Bf7 50. h5 Kg3 51. Ke1 Bxa2 52. h6 1-0